| 000 | 00642nam a2200193 4500 | ||
|---|---|---|---|
| 001 | 124145 | ||
| 003 | ES-MaACL | ||
| 005 | 20250707074238.0 | ||
| 007 | t| | ||
| 008 | 070214s1947 po r ||||1| por d | ||
| 100 | 1 |
_aRamos, Feliciano. _995254 |
|
| 245 | 1 | 0 |
_aTrindade Coelho, homen de Letras _b: o contista, o esteta, o pedagogista / _cFeliciano Ramos. |
| 260 |
_aCoimbra : _b[s. n.], _c1947 ( _fImp. Atlántida) |
||
| 300 |
_aVII, 328 p. ; _c22 cm. |
||
| 490 | 1 | _aActa Universitatis Coimbrigensis | |
| 830 | 0 | 0 |
_aActa Universitatis Conimbrigensis _9181764 |
| 852 |
_aES-MaACL _jC-4266 _bR.24068 |
||
| 999 |
_c124145 _d124145 |
||